000 00540nam a2200181 i 4500
001 60144
003 ES-MaACL
005 20230906164150.0
007 t|
008 031103s1971 cl ||||1| spa d
100 1 _aEscobar, Roberto.
_947557
245 1 0 _aMúsicos sin pasado
_b: composición y compositores de Chile /
_cRoberto Escobar.
250 _a[1ª ed.].
260 _aSantiago de Chile :
_bPomaire,
_c[1971]
300 _a267 p., 6 lám. ;
_c23 cm.
500 _aPaginación defectuosa.
852 _aES-MaACL
_jC-41094
_bR.78635
999 _c60144
_d60144